000
00229 a2200097 4500
001
4215
100
_a
Warifield,J.N
245
_a
Introduction to electronic analog computers
260
_a
_b
Prentice-Hall
_c
090
_c
3432
_d
3432
942
_a
NUST-CAE
_c
M
_c
27025
999
_c
239288
_d
239288